000 00833nam a2200253Ia 4500
003 OSt
005 20220926022410.0
006 a|||||r|||| 00| 0
007 ta
008 220923b |||||||| |||| 00| 0 eng d
037 _cGeneral Book
040 _aRTL
_cRTL
_beng
041 _2eng
_aeng
082 _aX61.692.N5, J5/UN
110 _aUnited Nations Economic and Social Affairs (Department of ....)
245 0 _aScope and structure of money economics in tropical
260 _aNew York
_bUnited Nations U. S. A.
_c1955
300 _avii, 54p.
_ccm.
500 _aSales No. 1955.11.C.4
650 _aEconomics-Money-Tropical Africa
_9327739
700 _aUnited Nations Economic and Social Affairs (Department of ....)
942 _hX61.692.N5, J5/UN
_cGB
_2CC
999 _c639351
_d639351